الإحصائيات لـ دول العالم

أنقر هنا لكي تخضع للإختبار!

الإحصائيات العامة

  • هذا الإختبار تم الخضوع له 6 430 مره
  • الدرجة المتوسطة هي 58 من 196

Answers on the Map

Answers color-coded by a green-red scale on the quiz's map according to % correct below.
 

إحصائيات الإجابة

Country% صحيح
مصر
83%
المغرب
82%
الجزائر
81%
روسيا
80%
فرنسا
79%
تونس
78%
كندا
78%
الصين
77%
السعودية
77%
ليبيا
77%
الولايات المتحدة الأمريكية
76%
البرازيل
74%
الهند
74%
العراق
73%
تركيا
71%
سوريا
71%
المكسيك
70%
قطر
69%
اسبانيا
69%
اليمن
68%
اليابان
68%
عمان
67%
أستراليا
67%
الأردن
67%
كوريا الشمالية
65%
كوريا الجنوبية
65%
الأرجنتين
65%
البرتغال
63%
المملكة المتحدة
63%
مالي
62%
باكستان
60%
ايران
60%
سودان
60%
لبنان
60%
البحرين
59%
السويد
56%
موريتانيا
56%
ألمانيا
55%
كويت
52%
صومال
52%
اوكرانيا
52%
النرويج
49%
سويسرا
48%
الإمارات العربية المتحدة
48%
أفغانستان
48%
اليونان
47%
هولندا
47%
نيجيريا
45%
اسرائيل
45%
جزر القمر
44%
مدغشقر
43%
بلجيكا
43%
النيجر
42%
تشيلي
42%
كولومبيا
42%
تشاد
41%
غينيا
40%
غانا
39%
ماليزيا
38%
بيرو
38%
الدنمارك
38%
اندونيسيا
38%
السنغال
38%
الكونغو
37%
جنوب السودان
36%
جمهورية الكونغو الديمقراطية
36%
النمسا
36%
كوبا
36%
منغوليا
35%
كازاخستان
33%
فنزويلا
33%
كرواتيا
33%
قبرص
32%
ألبانيا
32%
جنوب أفريقيا
32%
تايلاند
31%
رومانيا
31%
فيتنام
30%
الكاميرون
30%
جزر المالديف
29%
صربيا
29%
المجر
29%
ساحل العاج
29%
كينيا
28%
جورجيا
27%
نيبال
26%
أذربيجان
26%
أثيوبيا
25%
جمهورية التشيك
25%
بنما
25%
أيطاليا
25%
بنغلاديش
24%
تايوان
24%
أرمينيا
24%
الإكوادور
24%
بلغاريا
23%
بوليفيا
23%
البوسنة و الهرسك
23%
روسيا البيضاء
22%
أنغولا
22%
مالطا
20%
الأوروغواي
20%
كوستاريكا
20%
سلوفاكيا
20%
زامبيا
19%
نيو زيلاندا
19%
براغواي
19%
سنغافورة
19%
الفليبين
18%
تنزانيا
18%
موزمبيق
18%
بولاندا
18%
بنين
17%
ايرلاندا
17%
اوغندا
17%
ايسلاندا
17%
سريلانكا
17%
الفاتيكان
17%
تركمانستان
17%
بوركينا فاسو
16%
زيمبابوي
16%
مقدونيا
16%
سلوفينيا
15%
جامايكا
15%
غينيا بيساو
14%
كمبوديا
14%
هندوراس
14%
ناميبيا
14%
الجبل الأسود
14%
موناكو
14%
بورما
13%
لوكسمبورغ
13%
كوسوفو
13%
لاوس
13%
فنلاندا
13%
الرأس الأخضر
12%
أوزبكستان
12%
دجيبوتي
12%
سورينام
12%
هايتي
12%
بوتان
12%
بوتسوانا
11%
توغو
11%
ليبيريا
11%
مالاوي
11%
السلفادور
11%
غابون
11%
لاتفيا
11%
أندورا
10%
سيراليون
10%
غامبيا
10%
جزر سليمان
10%
رواندا
10%
فيجي
9%
أستونيا
9%
بليز
9%
غواتيمالا
9%
بروناي
8%
اريتريا
8%
باهاماس
8%
سيشل
8%
جمهورية أفريقيا الوسطى
8%
غيانا
8%
ليسوتو
7%
دومينيكا
7%
جمهورية الدومينيكان
7%
بابوا غينيا الجديدة
7%
قيرغيزستان
7%
سان مارينو
7%
نيكاراغوا
6%
طاجيكيستان
6%
تيمور الشرقية
6%
غينيا الأستوائية
6%
ليثوانيا
6%
جزر مارشال
5%
بوروندي
5%
ساموا
4%
ليختنشتاين
4%
موريشيوس
4%
سوازيلاند
3%
مولدافيا
3%
أنتيغوا وباربودا
3%
توفالو
3%
بالاو
3%
سانت لوسيا
3%
تونغا
3%
غرينادا
3%
بربادوس
3%
ناورو
3%
ولايات ميكرونيسيا المتحدة
2%
ترينيداد وتوباغو
2%
فانواتو
2%
كيريباتي
2%
سانت كيتس ونيفيس
2%
سانت فينسنت والغرينادين
1%
ساو توميه وبرينسيب
1%

توزيع النقاط

النسبة وفقا للأرقام

نسبة الأشخاص لكل درجة

سجل النقاط الخاصة بك

لم تضخع لهذا الإختبار